000 00378nam a22001217a 4500
008 140212b xxu||||| |||| 00| 0 eng d
050 _aBT77.S642 2005
100 _aSmith, Adrian B.
_98628
245 _aTomorrow's Faith
_bA New Framework of Christian Belief
_cAdrian Smith
260 _aWinchester
_bO Books
_c2005
300 _axi, 107p.; 22cm.
942 _2lcc
_cMONOGRAPH
999 _c120047
_d120047